Liedtext Der rosarote Panther - Statistiken

Allgemein
  • Dieses Quiz wurde 61 mal gespielt
  • Das Durchschnittsergebnis liegt bei 63 aus 100
Antwortstatistiken
Antwort % Korrekt
der
98%
ist
94%
Wer
94%
wer
94%
es
93%
es?
93%
so
93%
an
91%
gedreht?
91%
hat
91%
Schon
91%
schon
91%
spät?
91%
Uhr
91%
wir
91%
wirklich
89%
das
74%
Heut!
74%
Heut
74%
Schluss
69%
schluss?
69%
für
67%
ich
67%
komm
65%
Paul
65%
alle
63%
die
63%
Frage
63%
keine
63%
nicht
63%
Tage
63%
wieder
63%
auf
59%
ihr
59%
Paulchen
59%
paulchen
59%
ja
57%
mach
56%
leut?
54%
und
54%
weiter
54%
heute
52%
leiter
52%
doch
50%
du
50%
mit
50%
dem
46%
männchen
44%
denn
41%
jag
39%
lachen
39%
muss?
39%
sein
39%
bist
37%
kennen
37%
nur
37%
dich
35%
heißen
35%
pinsel
35%
pinselstrich
35%
sachen
35%
soll
35%
über
35%
machst
33%
stimmt
33%
ende
31%
farb
31%
manchmal
31%
schlimme
31%
trotzdem
31%
ohne
28%
Wände
26%
scherze
24%
säg
22%
treibe
19%
uns
15%
Keine übereinstimmenden Quizze gefunden
Verteilung der Resultate
Anzahl Personen mit jedem Resultat
Perzentil nach korrekt beantworteten Fragen
Ihre Resultats-Entwicklung
Sie haben dieses Quiz noch nicht gespielt